000 nam a22 7a 4500
999 _c234765
_d234765
003 Nust
005 20170330132305.0
008 170330b xxu||||| |||| 00| 0 eng d
040 _cDLC
082 _a363.3493095 PAK
245 _aPakistan Floods Emergency Response Plan
942 _2ddc
_cBK